01408nam a22003734a 4500001001200000003000800012006001900020007001500039008004100054010001700095020003800112040002100150035002100171043001200192050002200204082001800226100002300244245011800267260004400385300001800429504005200447533015200499650002100651650003800672650002200710650002900732650002600761651003600787655002900823700002200852710001700874856012600891999001701017ebr10235182CaPaEBRm u cr cn|||||||||080219s2008 caua sb 000 0 eng  z 2008007737 z9780833042323 (pbk. : alk. paper) aCaPaEBRcCaPaEBR a(OCoLC)234316895 an-us---14aU263b.O34 2008eb04a355.02/172221 aOchmanek, David A.14aThe challenge of nuclear-armed regional adversariesh[electronic resource] /cDavid Ochmanek, Lowell H. Schwartz. aSanta Monica, CA :bRand Corp.,cc2008. a61 p. :bill. aIncludes bibliographical references (p. 57-61). aElectronic reproduction.bPalo Alto, Calif. :cebrary,d2013.nAvailable via World Wide Web.nAccess may be limited to ebrary affiliated libraries. 0aNuclear warfare. 0aNational securityzUnited States. 0aStrategic forces. 0aSecurity, International. 0aDeterrence (Strategy) 0aUnited StatesxMilitary policy. 7aElectronic books.2local1 aSchwartz, Lowell.2 aebrary, Inc.40uhttp://site.ebrary.com/lib/rucke/Doc?id=10235182zAn electronic book accessible through the World Wide Web; click to view c38726d38726